00744cas a2200217 a 4500008004100000022002200041050002400063245003300087246004100120260005300161300003200214500004100246500002000287550007300307650005600380710003700436710002600473003000100499005001700500040000900517  a0851994687 (pbk.)00aREF SB950.3.G7bUNI04aThe UK pesticide guide 2000.30aUnited Kingdom pesticide guide 2000. aWallingford, Oxon :bC.A.B. International,c2000 ax, 601 p. :bill. ;c21 cm. aIncludes bibliographical references. aIncludes index. aIssued by the British Crop Protection Council and CAB International. 0aPesticideszGreat BritainvHandbooks, manuals, etc.2 aBritish Crop Protection Council.2 aC.A.B. International.20230120191424.0 cNUST